| 000 | 00888nam a22002657a 4500 | ||
|---|---|---|---|
| 001 | 000480 | ||
| 003 | DO-SdBNP | ||
| 005 | 20240917135153.0 | ||
| 007 | 000480 | ||
| 008 | 160906b2003 ck ||| 00| 0 spa d | ||
| 020 | _a9589974680692 | ||
| 040 |
_aBPMSU _bspa _cBPMSU |
||
| 082 | 4 |
_a796.1 _bJ93p 2009 _222 |
|
| 245 | 0 | 0 |
_aLos juegos de los pequeños / _c selección y redacción Marcela Troiano |
| 246 | 1 | 4 |
_aLos juegos de los pequeños : _bun sinfín de propuestas divertidas e ingeniosas para los niños |
| 260 |
_aMontevideo, República de Uruguay : _bArquetipo Grupo Editorial, _c2009 |
||
| 300 |
_a200 p. : _bils. ; _c28 cm. |
||
| 590 | _aInventariado, 2024/VM | ||
| 650 | 4 | _aJuegos infantiles. | |
| 650 | 4 | _aJuegos educativos | |
| 650 | 4 | _a Desarrollo infantil | |
| 700 | 1 |
_aTroiano , Marcela _eredacción |
|
| 910 | _aVMateo V. Control de calidad. BPMSU | ||
| 942 |
_2ddc _cBK |
||
| 999 |
_c14817 _d14817 |
||